Intercultural Differences in the Visegrad Group: The Hofstede Model Application
Hodnotenie interkultúrnych rozdielov krajín Vyšehradskej štvorky na základe Hofstedeho modelu hodnôt.
Uložené v:
| Hlavný autor: | |
|---|---|
| Ďalší autori: | , |
| Médium: | Kapitola |
| Jazyk: | English |
| Predmet: | |
| Tagy: |
Žiadne tagy, Buďte prvý, kto otaguje tento záznam!
|
MARC
| LEADER | 00000naa a2200000 4500 | ||
|---|---|---|---|
| 001 | 0210390 | ||
| 005 | 20240502083525.7 | ||
| 041 | 0 | |a eng | |
| 044 | |a UA | ||
| 245 | 1 | 0 | |a Intercultural Differences in the Visegrad Group: The Hofstede Model Application |c Mariana Ivaničková, Bohuslava Mihalčová, Michal Pružinský |
| 520 | |a Hodnotenie interkultúrnych rozdielov krajín Vyšehradskej štvorky na základe Hofstedeho modelu hodnôt. | ||
| 610 | 2 | 0 | |a kultúra |
| 610 | 2 | 0 | |a hodnota |
| 610 | 2 | 0 | |a modely |
| 610 | 2 | 0 | |a porovnanie medzinárodné |
| 610 | 2 | 0 | |a Vyšehradská štvorka |
| 100 | 1 | |a Ivaničková, Mariana, 1977- | |
| 700 | 1 | |a Mihalčová, Bohuslava, 1963- | |
| 700 | 1 | |a Pružinský, Michal, 1952- | |